You Shook Me All Night Long - AC/DC - All Lyrics - Statistics

General Stats
  • This quiz has been taken 101 times
  • The average score is 191 of 249
Answer Stats
Answer % Correct
a
100%
Ah,
99%
me
99%
me,
99%
all
97%
long
97%
night
97%
shook
97%
you
97%
You
97%
I
94%
She
92%
she
92%
the
92%
was
90%
that
89%
That
89%
Yeah,
89%
yeah,
89%
machine,
86%
ever
85%
seen
85%
fast
82%
woman
82%
outta
81%
and
79%
And
79%
best
79%
no
79%
we
79%
clean
78%
damn
76%
her
76%
to
76%
had
75%
Had
75%
out
75%
there
75%
were
74%
kept
72%
American
71%
come,
71%
come
71%
with
71%
motor
69%
shakin',
69%
shakin'
69%
those
69%
told
69%
but
68%
already
67%
for
67%
it
67%
It
67%
My
67%
Earth
64%
Knockin'
64%
quakin'
64%
thighs
64%
lies
63%
makin'
63%
mind
61%
tellin'
60%
on
58%
walls
58%
achin',
57%
back
56%
more
56%
eyes,
54%
in
53%
of
53%
took
51%
down
50%
take
50%
another
46%
a-mine,
44%
mine
44%
I'm
43%
start
43%
'Cause
42%
fightin'
42%
Now,
42%
swing
42%
air
40%
round
40%
than
40%
share,
39%
really
38%
seduction
38%
She's
38%
she's
38%
Takin'
38%
cool
36%
just
36%
kind,
36%
one
36%
ring
36%
line
35%
Made
32%
got
29%
meal
28%
Workin'
28%
double-time
19%
Well,
19%
sightless
18%
knocked
13%
applause,
11%
Wanted
7%
course
3%
No matching quizzes found
Score Distribution
Percent of People with Each Score
Percentile by Number Answered
Your Score History
You have not taken this quiz